000 00727nam a22002177a 4500
999 _c10294
_d10294
003 AR-CdUCM
008 190329b ||||| |||| 00| 0 spa d
040 _aMUNICIPALIDAD PROVINCIAL DEL CUSCO
_cBIBLIOTECA MUNICIPAL DEL CUSCO
082 _23ed.
_aES / 800 /
_bB15
100 _aBaeza, José.
_927069
245 _aHistorias de Aristófanes /
260 _aEspaña :
_bAraluce,
_c1957.
300 _a126 paginas ;
_c15 cm.
440 _aColección araluce.
_927026
505 _aContenido :Las tesmoforas -- Lysistrata -- Las aves -- Las ranas .
650 _aHistorietas españolas
_927076
650 _aLiteratura española
_9362
700 _aRapsomanikis, J. (ilustrador)
_927070
942 _2ddc
_cLIBROS
945 _arum